Statistiques concernant Les pays qui ont gagné le maillot vert au Tour de France

Cliquez ici pour prendre le quiz!

Statistiques générales

  • Ce quiz a été pris 133 fois
    (99 depuis la dernière actualisation)
  • Le résultat moyen est 11 sur 14

Statistiques - réponses

VictoiresPays% Correct
9France
100%
1Espagne
97%
21Belgique
96%
2Italie
96%
8Allemagne
95%
4Pays-bas
92%
2Royaume-uni
90%
7Slovaquie
86%
2Suisse
83%
5Australie
75%
5Irlande
74%
2Norvège
61%
1URSS
38%
2Ouzbékistan
22%

Distribution des résultats

Percentile par nombre de réponses

% des personnes avec chaque résultat

Votre développement - résultats

Vous n’avez pas pris ce quiz depuis la dernière actualisation